|
|
|
|
| LEADER |
00881nab a2200217 i 4500 |
| 001 |
acta24632 |
| 005 |
20220725110705.0 |
| 008 |
161017s1978 hu o 0|| eng d |
| 022 |
|
|
|a 0365-8066
|
| 040 |
|
|
|a SZTE Egyetemi Kiadványok Repozitórium
|b hun
|
| 041 |
|
|
|a eng
|
| 100 |
2 |
|
|a Krishna Rao J. S. R.
|
| 245 |
1 |
0 |
|a Framboidal manganese ores of Adilabad, A. P., India
|h [elektronikus dokumentum] /
|c Krishna Rao J. S. R.
|
| 260 |
|
|
|a University of Szeged, Department of Mineralogy, Geochemistry and Petrology
|b Szeged
|c 1978
|
| 300 |
|
|
|a 239-243
|
| 490 |
0 |
|
|a Acta mineralogica-petrographica
|v 23 No. 2
|
| 650 |
|
4 |
|a Természettudományok
|
| 650 |
|
4 |
|a Föld- és kapcsolódó környezettudományok
|
| 695 |
|
|
|a Kőzettan, Ásványtan, Földtan
|
| 700 |
0 |
1 |
|a Naidu B. Venkata
|e aut
|
| 856 |
4 |
0 |
|u http://acta.bibl.u-szeged.hu/24632/1/mineralogica_023_fasc_002_239-243.pdf
|z Dokumentum-elérés
|